000 00199nam a22000857a 4500
008 170208b xxu||||| |||| 00| 0 eng d
100 _92811
_aDixon.W.P.
245 _aThe Hardy Boys
260 _aLondon
_c1991
999 _c6026
_d6026